[Event "RUS-ch Men Rapid 2019"]
[Site "Sochi"]
[Date "2019.10.15"]
[Round "3.15"]
[White "Musalov, Ruslan"]
[Black "Belozerov, Andrei"]
[Result "1/2-1/2"]
[WhiteElo "2348"]
[BlackElo "2506"]
[Annotator "TA"]
[PlyCount "84"]
[EventDate "2019.10.15"]
[EventType "swiss"]
[EventCountry "RUS"]
[SourceTitle "playchess.com"]
[Source "ChessBase"]
[SourceQuality "1"]

{[%evp 28,84,-22,-29,0,0,0,-6,0,-21,-4,-5,-4,-15,-7,-15,-19,-64,-12,-16,0,0,0,0,0,-8,-8,-14,0,0,0,0,0,-6,0,0,0,0,0,0,0,0,0,0,0,0,0,0,0,0,0,0,0,0,0,0,0,0,0]} 1. d4 d5 2. Nf3 Nf6 3. e3 c5 4. c4 cxd4 5. exd4 Nc6 6. Nc3 Bg4 7. cxd5 Nxd5 8. Qb3 Bxf3 9. gxf3 Nb6 10. Be3 e6 11. d5 exd5 12. O-O-O Be7 13. Bxb6 Qxb6 14. Qxb6 axb6 15. Nxd5 {[#] Nc7+ is the strong threat.} O-O {B13: Caro-Kann: Exchange Variation and Panov-Botvinnik Attack} (15... Rxa2 {seems wilder.} 16. Kb1 Ra5 17. Bb5 Kf8 18. Nxe7 Kxe7 19. Rhe1+ Kf6) 16. Nxe7+ Nxe7 17. Kb1 Rfd8 18. Bd3 Kf8 (18... g6 19. Be4 Nc6 20. a3 Kg7 21. Kc2 Kf6 22. Kc3 Ke5 23. Rhe1 Rxd1 24. Rxd1 {½-½ (42) Shaposhnikov,E (2557)-Dreev,A (2660) Sochi 2016}) 19. Be4 ({But not} 19. Bxh7 $2 g6 $19) 19... Nc6 {[#]} 20. Rxd8+ $146 ({Don't blunder} 20. Bxh7 $2 g6 $19) ({Predecessor:} 20. a3 Ke7 21. h4 Rxd1+ 22. Rxd1 Ra5 23. Bd5 Ra4 24. Be4 Ra5 25. Rg1 g6 26. Re1 Kd6 27. Rd1+ Ke6 28. Re1 Kd6 29. Rd1+ Ke6 {½-½ (29) Vaisser,A (2540)-Summerscale,A (2335) Nimes 1991}) 20... Rxd8 $11 {[%mdl 4096] Endgame KRB-KRN} 21. Rc1 Rd6 22. a3 g6 (22... Rh6 $15) 23. Rc3 {The position is equal.} f5 (23... Nd8 {feels hotter.} 24. Rd3 Ke7 25. Kc2 f5 26. Bd5 g5) 24. Bxc6 $1 bxc6 {KR-KR} 25. Kc2 Ke7 26. a4 c5 27. Rd3 g5 28. Rxd6 Kxd6 {KP-KP} 29. Kc3 Kd5 30. b3 g4 31. fxg4 fxg4 {[#] Threatens to win with ...h5.} 32. b4 $1 h5 {And now ...h4 would win.} 33. Kb3 $1 cxb4 34. Kxb4 {Hoping for Kb5. K3P-K3P} Kc6 (34... h4 $5 35. Kb5 $8 Ke4 36. Kxb6 Kf3 $11) 35. Kc4 Kd6 36. Kd4 Kc6 37. Kc4 Kd6 38. Kb5 Kc7 39. Kb4 Kd6 40. Kb5 Kc7 41. Kb4 Kd6 42. Kb5 Kc7 {Accuracy: White = 69%, Black = 51%.} 1/2-1/2

[Event "RUS-ch Men Rapid 2019"]
[Site "Sochi"]
[Date "2019.10.15"]
[Round "3.16"]
[White "Belyakov, Bogdan"]
[Black "Gubsky, Egor"]
[Result "1-0"]
[WhiteElo "2506"]
[BlackElo "2339"]
[Annotator "ChessBase"]
[PlyCount "65"]
[EventDate "2019.10.15"]
[EventType "swiss"]
[EventCountry "RUS"]
[SourceTitle "playchess.com"]
[Source "ChessBase"]
[SourceQuality "1"]
[TimeControl "900+10"]

1. e4 c5 2. c3 d5 3. exd5 Qxd5 4. Nf3 Nc6 5. d4 Bg4 6. Be2 cxd4 7. cxd4 e6 8. O-O Nf6 9. h3 Bh5 10. Nc3 Qa5 11. a3 Bd6 12. Nb5 Qd8 13. Bg5 Be7 14. Bxf6 Bxf6 15. d5 exd5 16. Qxd5 Qxd5 17. Nc7+ Kf8 18. Nxd5 Bxb2 19. Rab1 Bxa3 20. Rxb7 Nd8 21. Rd7 f6 22. Nc7 Be8 23. Rd3 Rc8 24. Nxe8 Be7 25. Nd6 Rc2 26. Bd1 Rc5 27. Re1 Nc6 28. Nb7 Rb5 29. Ba4 Rxb7 30. Bxc6 Rc7 31. Nd4 Kf7 32. Bd5+ Ke8 33. Ne6 1-0

[Event "RUS-ch Men Rapid 2019"]
[Site "Sochi"]
[Date "2019.10.15"]
[Round "3.17"]
[White "Shcherbin, Matvei"]
[Black "Goryachkina, Aleksandra"]
[Result "0-1"]
[WhiteElo "2366"]
[BlackElo "2504"]
[Annotator "ChessBase"]
[PlyCount "60"]
[EventDate "2019.10.15"]
[EventType "swiss"]
[EventCountry "RUS"]
[SourceTitle "playchess.com"]
[Source "ChessBase"]
[SourceQuality "1"]
[TimeControl "900+10"]

1. e4 c6 2. c4 {[%emt 0:00:27]} d5 {[%emt 0:00:00]} 3. exd5 {[%emt 0:00:01]} cxd5 {[%emt 0:00:00]} 4. cxd5 {[%emt 0:00:01]} Nf6 {[%emt 0:00:00]} 5. Qa4+ {[%emt 0:00:01]} Nbd7 {[%emt 0:00:03]} 6. Nc3 {[%emt 0:00:02]} g6 {[%emt 0:00:04]} 7. Bc4 {[%emt 0:00:12]} Bg7 {[%emt 0:00:04]} 8. d3 {[%emt 0:00:07]} O-O {[%emt 0:00:18]} 9. Nf3 {[%emt 0:00:07]} a6 {[%emt 0:00:13]} 10. Qa3 {[%emt 0:00:02]} b6 {[%emt 0:04:08]} 11. O-O {[%emt 0:00:05]} Bb7 {[%emt 0:00:01]} 12. Re1 {[%emt 0:00:04]} b5 {[%emt 0:00:23]} 13. Bb3 {[%emt 0:00:08]} Re8 {[%emt 0:01:40]} 14. Qb4 {[%emt 0:00:26]} Nb6 {[%emt 0:00:48]} 15. Qh4 {[%emt 0:00:09]} Nbxd5 {[%emt 0:00:29]} 16. Ne5 {[%emt 0:00:05]} Rf8 {[%emt 0:01:19]} 17. Bg5 {[%emt 0:01:04]} Nxc3 {[%emt 0:00:48]} 18. bxc3 Rc8 {[%emt 0:00:07]} 19. Re3 {[%emt 0:02:40]} Rxc3 {[%emt 0:02:10]} 20. Rh3 {[%emt 0:00:14]} Nh5 {[%emt 0:00:54]} 21. Bxe7 {[%emt 0:11:22]} Qc7 {[%emt 0:00:27]} 22. Qg5 {[%emt 0:01:02]} Qxe5 {[%emt 0:00:49]} 23. Qxe5 {[%emt 0:00:09]} Bxe5 {[%emt 0:00:01]} 24. Bxf8 {[%emt 0:00:02]} Kxf8 {[%emt 0:00:21]} 25. Re1 {[%emt 0:00:12]} Bd4 {[%emt 0:00:35]} 26. Bd1 {[%emt 0:00:19]} Nf4 {[%emt 0:00:32]} 27. Rxh7 {[%emt 0:00:16]} Nxd3 {[%emt 0:00:50]} 28. Rf1 {[%emt 0:00:07]} Rc1 {[%emt 0:00:23]} 29. Be2 {[%emt 0:00:03]} Bxf2+ {[%emt 0:00:10]} 30. Kh1 {[%emt 0:00:01]} Nf4 {[%emt 0:00:29]} 0-1

[Event "RUS-ch Men Rapid 2019"]
[Site "Sochi"]
[Date "2019.10.15"]
[Round "3.18"]
[White "Khegay, Dmitriy"]
[Black "Nuristani, Iman"]
[Result "0-1"]
[WhiteElo "2509"]
[BlackElo "2171"]
[Annotator "TA"]
[PlyCount "96"]
[EventDate "2019.10.15"]
[EventType "swiss"]
[EventCountry "RUS"]
[SourceTitle "playchess.com"]
[Source "ChessBase"]
[SourceQuality "1"]

{[%evp 23,132,56,61,35,53,0,0,-15,-33,-24,-12,-20,-19,-41,0,-31,-8,-14,-14,-24,0,0,0,0,0,-10,39,33,22,0,8,-3,-5,-34,-47,-48,0,-16,0,-10,0,0,0,0,91,0,12,0,0,0,0,0,0,0,0,0,0,-60,-91,-91,-67,-60,0,-458,-458,-619,-617,-622,-615,-606,0,-602,0,-578,-491,-726,-722,-722,-710,-708,-685,-683,-677,-677,-675,-674,-673,-658,-662,-627,-633,-578,-541,-654,-649,-618,-613,-719,-715,-713,-709,-708,-693,-651,-615,-696,-671,-701,-698,-4132,-5214]} 1. e4 e6 2. d4 d5 3. Nd2 dxe4 4. Nxe4 Bd7 5. Nf3 Bc6 6. Bd3 Nd7 7. O-O Ngf6 8. Ng3 Be7 9. b3 O-O 10. Bb2 Bxf3 11. Qxf3 c6 12. c4 Re8 13. Qe2 $146 {C10: French with 3 Nc3: Unusual Black 3rd moves and 3...dxe4} ({Predecessor:} 13. Rad1 Qa5 14. a3 Rad8 15. h4 Nf8 16. b4 Qc7 17. h5 h6 18. Rfe1 a5 19. Bc3 axb4 20. axb4 Rd7 21. b5 {0-1 (75) Istratescu,A (2652)-Stojanovic,M (2559) Switzerland 2014}) 13... Qa5 14. f4 ({White should play} 14. a3 $14) 14... Ba3 $11 15. Kh1 {The position is equal.} Bxb2 16. Qxb2 Qc7 17. Rae1 Rad8 18. Bb1 Nf8 19. f5 exf5 {White should prevent ...g6.} 20. Rxe8 Rxe8 21. Bxf5 Re3 22. Qf2 Re8 23. h3 Ne6 24. Rd1 Rd8 25. Bxe6 fxe6 26. Qf3 h6 27. Ne2 e5 28. d5 cxd5 29. cxd5 e4 (29... Qc2 $5 {[%cal Rc2d1]} 30. Ng3 e4 $15) 30. Qc3 Qd6 31. Qc4 Kh8 32. Nc3 Qe5 33. Qd4 Qf5 (33... Qf4 $11) 34. d6 (34. Qxa7 $16 Nh5 35. d6 (35. Qxb7 Ng3+ 36. Kg1 Rf8 $11)) 34... a6 35. Na4 Nh5 {[#] ...Ng3+ is the strong threat.} 36. Qe3 Qe5 37. d7 Nf6 38. Qb6 Qe7 39. Nc5 e3 {[%cal Rf6d7]} 40. Ne6 (40. Qc7 $11) 40... Rxd7 $15 41. Rxd7 Nxd7 42. Qxe3 Nf8 ({Black should try} 42... Kg8 $1 $15 43. Qe2 Kf7) 43. Qb6 $2 {[%mdl 8192]} (43. Qc5 $11 Qxe6 44. Qxf8+ Kh7 45. Qf3) 43... Nxe6 $19 44. a4 Qd7 45. b4 Qc8 46. Qe3 Qd7 47. Qb6 $1 Qc8 48. Qe3 $1 Qc4 {Played: Qc8-c6} 0-1

[Event "RUS-ch Men Rapid 2019"]
[Site "Sochi"]
[Date "2019.10.15"]
[Round "3.19"]
[White "Potapov, Pavel"]
[Black "Gaydym, Arseniy"]
[Result "1/2-1/2"]
[WhiteElo "2489"]
[BlackElo "2139"]
[Annotator "ChessBase"]
[PlyCount "133"]
[EventDate "2019.10.15"]
[EventType "swiss"]
[EventCountry "RUS"]
[SourceTitle "playchess.com"]
[Source "ChessBase"]
[SourceQuality "1"]
[TimeControl "900+10"]

1. e4 {[%emt 0:00:00]} c5 {[%emt 0:00:22]} 2. c3 {[%emt 0:00:00]} d5 {[%emt 0:00:05]} 3. exd5 {[%emt 0:00:00]} Qxd5 {[%emt 0:00:01]} 4. d4 {[%emt 0:00:00]} e6 {[%emt 0:00:31]} 5. Nf3 {[%emt 0:00:01]} Nf6 {[%emt 0:00:17]} 6. Bd3 {[%emt 0:00:12]} Nc6 {[%emt 0:00:51]} 7. O-O {[%emt 0:00:15]} Be7 {[%emt 0:01:53]} 8. Be3 {[%emt 0:00:02]} cxd4 {[%emt 0:00:11]} 9. cxd4 {[%emt 0:00:02]} O-O {[%emt 0:00:20]} 10. Nc3 {[%emt 0:00:02]} Qh5 {[%emt 0:00:54]} 11. Be2 {[%emt 0:01:03]} Qa5 {[%emt 0:00:22]} 12. a3 {[%emt 0:00:01]} Bd6 {[%emt 0:01:31]} 13. b4 {[%emt 0:00:30]} Qd8 {[%emt 0:00:02]} 14. Bg5 {[%emt 0:00:15]} Be7 {[%emt 0:00:59]} 15. b5 {[%emt 0:00:10]} Nd5 {[%emt 0:02:11]} 16. Bd2 {[%emt 0:01:00]} Nxc3 {[%emt 0:00:37]} 17. Bxc3 {[%emt 0:00:02]} Nb8 {[%emt 0:00:20]} 18. Ne5 {[%emt 0:01:15]} Nd7 {[%emt 0:00:21]} 19. Qb3 {[%emt 0:00:46]} Nb6 {[%emt 0:00:31]} 20. Bf3 {[%emt 0:00:30]} Nd5 {[%emt 0:00:33]} 21. a4 {[%emt 0:00:37]} Rb8 {[%emt 0:01:18]} 22. Bb2 {[%emt 0:00:16]} Bf6 {[%emt 0:01:18]} 23. Rac1 {[%emt 0:00:06]} Bxe5 {[%emt 0:00:15]} 24. dxe5 {[%emt 0:00:03]} b6 {[%emt 0:00:21]} 25. Ba3 {[%emt 0:00:01]} Re8 {[%emt 0:00:01]} 26. Bd6 {[%emt 0:00:13]} Ra8 {[%emt 0:00:02]} 27. Bxd5 {[%emt 0:00:48]} exd5 {[%emt 0:00:03]} 28. Qxd5 {[%emt 0:00:24]} Be6 {[%emt 0:00:11]} 29. Qb7 {[%emt 0:00:19]} Qh4 {[%emt 0:00:48]} 30. f4 {[%emt 0:00:31]} Qg4 {[%emt 0:00:49]} 31. Rc7 {[%emt 0:01:29]} Qe2 {[%emt 0:00:45]} 32. Qf3 {[%emt 0:01:47]} Qxf3 {[%emt 0:00:02]} 33. Rxf3 {[%emt 0:00:03]} g6 {[%emt 0:00:18]} 34. Rfc3 {[%emt 0:00:16]} Rec8 {[%emt 0:00:32]} 35. Kf2 {[%emt 0:00:37]} h5 {[%emt 0:00:42]} 36. Ke3 {[%emt 0:00:18]} Rxc7 {[%emt 0:00:04]} 37. Rxc7 {[%emt 0:01:53]} Bb3 {[%emt 0:00:03]} 38. Ke4 {[%emt 0:00:36]} Bxa4 {[%emt 0:00:06]} 39. f5 {[%emt 0:00:23]} gxf5+ {[%emt 0:00:13]} 40. Kxf5 {[%emt 0:00:05]} Re8 {[%emt 0:00:11]} 41. Kg5 {[%emt 0:00:58]} Bxb5 {[%emt 0:00:04]} 42. Rxa7 {[%emt 0:00:12]} Bc6 {[%emt 0:00:34]} 43. g3 {[%emt 0:00:25]} Bf3 {[%emt 0:00:18]} 44. Ra3 {[%emt 0:00:09]} Bd1 {[%emt 0:00:17]} 45. Rd3 {[%emt 0:00:20]} Be2 {[%emt 0:00:02]} 46. Rd2 {[%emt 0:00:05]} Bg4 {[%emt 0:00:09]} 47. Rb2 {[%emt 0:00:10]} Kg7 {[%emt 0:00:15]} 48. Rxb6 {[%emt 0:00:07]} Re6 {[%emt 0:00:01]} 49. Rb7 {[%emt 0:00:26]} Rg6+ {[%emt 0:00:04]} 50. Kf4 {[%emt 0:00:02]} Be6 {[%emt 0:00:07]} 51. Rb8 {[%emt 0:00:28]} Rg4+ {[%emt 0:00:05]} 52. Ke3 {[%emt 0:00:04]} Ra4 {[%emt 0:00:13]} 53. Be7 {[%emt 0:00:07]} Bd5 {[%emt 0:00:33]} 54. Bf6+ {[%emt 0:00:05]} Kg6 {[%emt 0:00:07]} 55. Rg8+ {[%emt 0:00:16]} Kh7 {[%emt 0:00:08]} 56. Rd8 {[%emt 0:00:25]} Be6 {[%emt 0:00:05]} 57. h4 {[%emt 0:01:51]} Kg6 {[%emt 0:00:18]} 58. Rh8 {[%emt 0:00:12]} Rb4 {[%emt 0:00:12]} 59. Bg5 {[%emt 0:00:17]} Rb3+ {[%emt 0:00:02]} 60. Kf2 {[%emt 0:00:05]} Rb2+ {[%emt 0:00:04]} 61. Ke1 {[%emt 0:00:10]} Bg4 {[%emt 0:00:11]} 62. Bf4 {[%emt 0:00:54]} Kf5 {[%emt 0:00:11]} 63. Ra8 {[%emt 0:00:16]} Ke4 {[%emt 0:00:13]} 64. Ra3 {[%emt 0:00:04]} Re2+ {[%emt 0:00:08]} 65. Kf1 {[%emt 0:00:01]} Rb2 {[%emt 0:00:02]} 66. Ke1 {[%emt 0:00:31]} Re2+ {[%emt 0:00:07]} 67. Kf1 {[%emt 0:00:06] Kxe5} 1/2-1/2

[Event "RUS-ch Men Rapid 2019"]
[Site "Sochi"]
[Date "2019.10.15"]
[Round "3.20"]
[White "Gabitov, Ruslan"]
[Black "Smagin, Sergey"]
[Result "1/2-1/2"]
[WhiteElo "2172"]
[BlackElo "2551"]
[Annotator "ChessBase"]
[PlyCount "37"]
[EventDate "2019.10.15"]
[EventType "swiss"]
[EventCountry "RUS"]
[SourceTitle "playchess.com"]
[Source "ChessBase"]
[SourceQuality "1"]
[TimeControl "900+10"]

1. e4 {[%emt 0:00:00]} d5 {[%emt 0:00:02]} 2. Nc3 {[%emt 0:00:00]} d4 {[%emt 0:00:37]} 3. Nce2 {[%emt 0:00:01]} c5 {[%emt 0:00:02]} 4. Ng3 {[%emt 0:00:05]} Nc6 {[%emt 0:00:03]} 5. Bc4 {[%emt 0:00:03]} Nf6 {[%emt 0:00:55]} 6. f4 {[%emt 0:00:17]} e5 {[%emt 0:00:07]} 7. d3 {[%emt 0:00:27]} Bd6 {[%emt 0:00:02]} 8. N1e2 {[%emt 0:01:10]} O-O {[%emt 0:00:45]} 9. a3 {[%emt 0:00:31]} Be6 {[%emt 0:00:32]} 10. Bxe6 {[%emt 0:00:20]} fxe6 {[%emt 0:00:01]} 11. O-O {[%emt 0:00:11]} exf4 {[%emt 0:00:25]} 12. Nxf4 {[%emt 0:00:53]} Qe7 {[%emt 0:01:30]} 13. Bd2 {[%emt 0:01:39]} Rf7 {[%emt 0:00:48]} 14. Qe2 {[%emt 0:00:42]} Ne5 {[%emt 0:00:50]} 15. Nfh5 {[%emt 0:01:55]} Raf8 {[%emt 0:01:07]} 16. Bg5 {[%emt 0:00:46]} Kh8 {[%emt 0:01:33]} 17. Bh4 {[%emt 0:01:16]} Ng6 {[%emt 0:01:28]} 18. Bg5 {[%emt 0:00:52]} Qc7 {[%emt 0:01:15]} 19. Nxg7 {[%emt 0:01:38]} 1/2-1/2

[Event "RUS-ch Men Rapid 2019"]
[Site "Sochi"]
[Date "2019.10.15"]
[Round "3.21"]
[White "Tsydypov, Zhamsaran"]
[Black "Radchenko, Vladislav Y."]
[Result "1-0"]
[WhiteElo "2671"]
[BlackElo "2408"]
[Annotator "RC"]
[PlyCount "55"]
[EventDate "2019.10.15"]
[EventType "swiss"]
[EventCountry "RUS"]
[SourceTitle "playchess.com"]
[Source "ChessBase"]
[SourceQuality "1"]
[TimeControl "900+10"]

1. e4 {[%emt 0:00:00]} d6 {[%emt 0:00:00]} 2. d4 {[%emt 0:00:00]} Nf6 {[%emt 0:00:04]} 3. Nc3 {[%emt 0:00:00]} g6 {[%emt 0:00:04]} 4. Be3 {[%emt 0:00:09]} Ng4 {[%emt 0:00:07]} 5. Bg5 {[%emt 0:00:08]} Bg7 {[%emt 0:00:22]} 6. Qd2 {[%emt 0:00:04]} h6 {[%emt 0:00:26]} 7. Bh4 {[%emt 0:00:03]} Nd7 {[%emt 0:00:54]} 8. f3 {[%emt 0:00:16]} Ngf6 {[%emt 0:00:03]} 9. O-O-O {[%emt 0:00:08]} c5 {[%emt 0:00:12]} 10. dxc5 {[%emt 0:00:04]} dxc5 {[%emt 0:01:28]} 11. e5 {[%emt 0:00:24]} Nh5 {[%emt 0:00:37]} 12. g4 {[%emt 0:00:37]} g5 {[%emt 0:00:03]} 13. gxh5 {[%emt 0:00:03]} gxh4 {[%emt 0:00:02]} 14. f4 {[%emt 0:00:01]} a6 {[%emt 0:00:24]} 15. Nf3 {[%emt 0:00:13]} e6 {[%emt 0:00:47]} 16. Ne4 {[%emt 0:00:17]} b6 {[%emt 0:01:30]} 17. Nd6+ {[%emt 0:00:09]} Ke7 {[%emt 0:00:13]} 18. Rg1 {[%emt 0:00:51]} Rg8 {[%emt 0:01:33]} 19. Bd3 {[%emt 0:00:07]} Bh8 {[%emt 0:01:45]} 20. Rxg8 {[%emt 0:00:07]} Qxg8 {[%emt 0:00:04]} 21. Be4 {[%emt 0:00:43]} Ra7 {[%emt 0:00:03]} 22. Bh7 {[%emt 0:02:31]} Qd8 {[%emt 0:00:35]} 23. Nxc8+ {[%emt 0:00:28]} Qxc8 {[%emt 0:00:01]} 24. Qd6+ {[%emt 0:00:01]} Ke8 {[%emt 0:00:10]} 25. Rg1 {[%emt 0:00:08]} Nf8 {[%emt 0:00:32]} 26. Rg8 {[%emt 0:00:02]} Bg7 {[%emt 0:00:02]} 27. Be4 {[%emt 0:00:10]} f5 {[%emt 0:00:20]} 28. exf6 {[%emt 0:00:02]} 1-0

[Event "RUS-ch Men Rapid 2019"]
[Site "Sochi"]
[Date "2019.10.15"]
[Round "3.22"]
[White "Kokarev, Dmitry"]
[Black "Sadovsky, Artem"]
[Result "1-0"]
[WhiteElo "2647"]
[BlackElo "2411"]
[Annotator "TA"]
[PlyCount "93"]
[EventDate "2019.10.15"]
[EventType "swiss"]
[EventCountry "RUS"]
[SourceTitle "playchess.com"]
[Source "ChessBase"]
[SourceQuality "1"]

{[%evp 9,93,62,59,27,60,23,64,17,15,20,29,31,36,24,41,39,42,39,52,52,47,48,53,0,67,78,47,0,33,34,33,22,26,29,132,41,76,56,179,172,201,137,118,147,146,118,116,102,762,786,748,476,533,515,594,598,434,586,618,570,849,639,913,909,886,829,720,608,1478,1452,1042,1297,1059,1059,1019,856,29978,29979,29977,29976,29981,29982,29984,29985,29985,29986]} 1. e4 g6 2. d4 Bg7 3. Nc3 d6 4. Be3 e5 5. Nf3 Nc6 6. Bb5 {B06: Modern Defence} (6. dxe5 Nxe5 7. Nxe5 Bxe5 8. Bd4 Nf6 9. Bxe5 dxe5 10. Qxd8+ Kxd8 11. Bc4 {½-½ (11) Rogac,S (2317)-Ilincic,A (2179) Novi Sad 2018}) 6... Bd7 7. O-O a6 8. Bc4 {White is slightly better.} (8. Bxc6 $5 Bxc6 9. Qe2 $16) 8... exd4 9. Nxd4 Nf6 $146 ({Predecessor:} 9... Ne5 10. Be2 Nh6 11. h3 Qh4 12. Qd2 Bxh3 13. Bg5 Bxg2 14. Bxh4 Bxf1 15. Kxf1 f6 16. Ne6 Kf7 17. Nxc7 Nhg4 18. Qd5+ {1-0 (18) Vazquez Gonzalez,F (2125)-Gutierrez Gonzalez,F (1943) Parla 2008}) 10. Nxc6 Bxc6 11. f3 O-O 12. a4 Re8 13. Qd2 Qd7 14. a5 Bb5 15. Nxb5 axb5 16. Bb3 (16. Ba2 $1 $14) 16... Ra6 ({Black should play} 16... c5 $11) 17. c4 $14 {Hoping for cxb5.} Rea8 18. Rfc1 {[#] And now cxb5 would win.} b6 19. cxb5 Rxa5 20. Rxa5 Rxa5 21. Bc4 $36 {[%mdl 2048] White has the initiative.} d5 {[#]} (21... Ra8 $11) 22. Bf1 ({Much less strong is} 22. exd5 $6 Ne8 $14) (22. e5 $1 $16 {[%cal Re5f6]} dxc4 23. exf6 Qxd2 24. Bxd2) 22... Ne8 23. f4 ({Reject} 23. Qxd5 Qxd5 24. exd5 Bxb2 $11) ({Much weaker is} 23. exd5 Ra2 $11) 23... d4 ({Black should try} 23... Bf8 $14) 24. e5 $18 g5 25. Qxd4 Qxd4 26. Bxd4 gxf4 27. Rd1 {Bc3 is the strong threat.} Bf8 28. Kf2 Bc5 $2 {[%mdl 8192]} (28... Ra4 $16 29. Bc3 Bb4) 29. Bxc5 bxc5 {[%mdl 4096] Endgame KRB-KRN} 30. Kf3 Kf8 31. Rd7 Ra4 32. b3 Rd4 33. Rxd4 cxd4 34. Kxf4 {KB-KN} f6 35. Bd3 h6 36. Ke4 fxe5 37. Kxe5 Ke7 38. Kxd4 Kd6 39. g4 Nf6 40. Bf5 Nd5 41. h4 Nf4 42. g5 h5 43. g6 {White mates.} Ke7 44. Kc5 Ng2 45. Kc6 Nxh4 46. Be4 Kf6 47. Kxc7 {Accuracy: White = 61%, Black = 17%.} 1-0

[Event "RUS-ch Men Rapid 2019"]
[Site "Sochi"]
[Date "2019.10.15"]
[Round "3.23"]
[White "Tekeyev, Zaur"]
[Black "Sakaev, Konstantin"]
[Result "0-1"]
[WhiteElo "2384"]
[BlackElo "2586"]
[Annotator "ChessBase"]
[PlyCount "119"]
[EventDate "2019.10.15"]
[EventType "swiss"]
[EventCountry "RUS"]
[SourceTitle "playchess.com"]
[Source "ChessBase"]
[SourceQuality "1"]
[TimeControl "900+10"]

1. e4 {[%emt 0:00:00]} c5 {[%emt 0:00:00]} 2. Nf3 {[%emt 0:00:00]} d6 {[%emt 0:00:00]} 3. Bb5+ {[%emt 0:00:05]} Nd7 {[%emt 0:00:00]} 4. a4 {[%emt 0:00:40]} Ngf6 {[%emt 0:00:10]} 5. Nc3 {[%emt 0:00:03]} g6 {[%emt 0:00:19]} 6. a5 {[%emt 0:00:19]} a6 {[%emt 0:00:41]} 7. Bc4 {[%emt 0:00:02]} e6 {[%emt 0:02:55]} 8. d3 {[%emt 0:01:34]} Bg7 {[%emt 0:00:10]} 9. O-O {[%emt 0:00:09]} O-O {[%emt 0:00:03]} 10. h3 {[%emt 0:00:12]} Qc7 {[%emt 0:00:30]} 11. Re1 {[%emt 0:00:15]} Ne5 {[%emt 0:01:49]} 12. Nxe5 {[%emt 0:00:26]} dxe5 {[%emt 0:00:01]} 13. Bd2 {[%emt 0:00:22]} Bd7 {[%emt 0:00:09]} 14. Na4 {[%emt 0:01:12]} Rad8 {[%emt 0:02:07]} 15. b4 {[%emt 0:01:44]} cxb4 {[%emt 0:00:32]} 16. Bxb4 {[%emt 0:00:18]} Rfe8 {[%emt 0:00:02]} 17. Qb1 {[%emt 0:00:44]} Bc6 {[%emt 0:00:23]} 18. Nb6 {[%emt 0:00:40]} Nh5 {[%emt 0:01:01]} 19. Qa2 {[%emt 0:02:38]} Nf4 {[%emt 0:00:13]} 20. Bb3 {[%emt 0:00:56]} Bf8 {[%emt 0:00:14]} 21. Bxf8 {[%emt 0:00:54]} Rxf8 {[%emt 0:00:02]} 22. Ba4 {[%emt 0:00:06]} Qe7 {[%emt 0:03:21]} 23. g3 {[%emt 0:01:02]} Nxh3+ {[%emt 0:00:17]} 24. Kg2 {[%emt 0:00:01]} Ng5 {[%emt 0:01:04]} 25. Bxc6 {[%emt 0:00:06]} Qf6 {[%emt 0:00:52]} 26. Re3 {[%emt 0:01:28]} bxc6 {[%emt 0:00:02]} 27. Qc4 {[%emt 0:00:01]} Qg7 {[%emt 0:00:41]} 28. Rae1 {[%emt 0:00:47]} f5 {[%emt 0:00:05]} 29. f4 {[%emt 0:02:10]} exf4 {[%emt 0:00:31]} 30. gxf4 {[%emt 0:00:15]} Nf7 {[%emt 0:01:24]} 31. Qxe6 {[%emt 0:00:04]} fxe4 {[%emt 0:00:17]} 32. Rxe4 {[%emt 0:00:28]} Rd6 {[%emt 0:00:12]} 33. Qc4 {[%emt 0:00:06]} Qf6 {[%emt 0:00:07]} 34. Re6 {[%emt 0:00:28]} Qh4 {[%emt 0:00:12]} 35. Rxd6 {[%emt 0:00:16]} Qxe1 {[%emt 0:00:01]} 36. Re6 {[%emt 0:00:05]} Qd2+ {[%emt 0:00:19]} 37. Kg3 {[%emt 0:00:08]} Qd1 {[%emt 0:00:02]} 38. Kg2 {[%emt 0:00:22]} Qg4+ {[%emt 0:00:06]} 39. Kf2 {[%emt 0:00:04]} Qh4+ {[%emt 0:00:06]} 40. Ke2 {[%emt 0:00:04]} Kg7 {[%emt 0:00:06]} 41. Qd4+ {[%emt 0:00:07]} Kh6 {[%emt 0:00:02]} 42. Qe3 {[%emt 0:00:19]} Nd8 {[%emt 0:00:39]} 43. Re7 {[%emt 0:00:17]} Rxf4 {[%emt 0:00:07]} 44. Re4 {[%emt 0:00:08]} g5 {[%emt 0:00:07]} 45. Rxf4 {[%emt 0:00:12]} gxf4 {[%emt 0:00:01]} 46. Qe5 {[%emt 0:00:09]} Qh5+ {[%emt 0:00:05]} 47. Qxh5+ {[%emt 0:00:04]} Kxh5 {[%emt 0:00:01]} 48. Kf3 {[%emt 0:00:11]} Kg5 {[%emt 0:00:04]} 49. d4 {[%emt 0:00:17]} Ne6 {[%emt 0:00:41]} 50. Ke4 {[%emt 0:00:07]} Kg4 {[%emt 0:00:03]} 51. Nc4 {[%emt 0:00:02]} Ng5+ {[%emt 0:00:04]} 52. Kd3 {[%emt 0:00:16]} Kg3 {[%emt 0:00:09]} 53. Nd2 {[%emt 0:00:15]} f3 {[%emt 0:00:19]} 54. c4 {[%emt 0:00:02]} f2 {[%emt 0:00:08]} 55. d5 {[%emt 0:00:15]} cxd5 {[%emt 0:00:07]} 56. cxd5 {[%emt 0:00:07]} Kg2 {[%emt 0:00:04]} 57. Ke2 {[%emt 0:00:16]} Ne4 {[%emt 0:00:16]} 58. Nf1 {[%emt 0:00:07]} Nc3+ {[%emt 0:00:07]} 59. Kd3 {[%emt 0:00:12]} Kxf1 {[%emt 0:00:15]} 60. Kd4 0-1